Bekende Nederlandse Schilderijen - Statistieken

Algemene statistieken
  • Deze quiz is 186 keer genomen
  • De gemiddelde score is 9 van 16
Antwoordstatistieken
Foto Hint Antwoord % Correct
Naam van het schilderij De Nachtwacht
94%
Naam van het schilderij Meisje met de parel
94%
NNaam van de maker Vincent van Gogh
88%
Naam van het schilderij Het Melkmeisje
86%
Naam van het schilderij Zonnebloemen
76%
Naam van het schilderij De Sterrennacht
71%
Naam van de maker Piet Mondriaan
69%
Naam van de maker Rembrandt van Rijn
68%
Naam van het schilderij De Aardappeleters
60%
Naam van de maker Vincent van Gogh
52%
Naam van de maker Rembrandt van Rijn
45%
Naam van de maker Johannes Vermeer
27%
Naam van de maker Frans Hals
19%
Naam van de maker Jan Steen
17%
Naam van het schilderij Het Joodse Bruid
7%
Naam van het schilderij De Bedreigde Zwaan
6%
Geen overeenkomende quizzen gevonden
Scoreverdeling
Procent van Mensen met Elke Score
Percentiel versus Aantal Correcte Antwoorden
Uw Scoregeschiedenis
U heeft deze quiz nog niet genomen